Applied power analysis for the behavioral sciences / (Record no. 2755)
[ view plain ]
| 000 -LEADER | |
|---|---|
| fixed length control field | 01540nam a2200265 a 4500 |
| 005 - DATE AND TIME OF LATEST TRANSACTION | |
| control field | 20260112063255.0 |
| 020 ## - INTERNATIONAL STANDARD BOOK NUMBER | |
| International Standard Book Number | 9781848728349 (alk. paper) |
| 020 ## - INTERNATIONAL STANDARD BOOK NUMBER | |
| International Standard Book Number | 9781848728356 (alk. paper) |
| 039 ## - LEVEL OF BIBLIOGRAPHIC CONTROL AND CODING DETAIL [OBSOLETE] | |
| Level of rules in bibliographic description | 202110061523 |
| Level of effort used to assign nonsubject heading access points | staff |
| Level of effort used to assign subject headings | 201301240343 |
| Level of effort used to assign classification | staff |
| Level of effort used to assign subject headings | 201010122148 |
| Level of effort used to assign classification | staff |
| Level of effort used to assign subject headings | 201006010446 |
| Level of effort used to assign classification | staff |
| -- | 201006010445 |
| -- | staff |
| 082 ## - DEWEY DECIMAL CLASSIFICATION NUMBER | |
| Classification number | 300.285555 |
| Item number | ABE [ Shelf 73 ] |
| 100 ## - MAIN ENTRY--PERSONAL NAME | |
| Personal name | Aberson, Christopher L. |
| 245 ## - TITLE STATEMENT | |
| Title | Applied power analysis for the behavioral sciences / |
| Statement of responsibility, etc. | Christopher L. Aberson. |
| 260 ## - PUBLICATION, DISTRIBUTION, ETC. | |
| Place of publication, distribution, etc. | New York : |
| Name of publisher, distributor, etc. | Routledge, |
| Date of publication, distribution, etc. | 2010. |
| 263 ## - PROJECTED PUBLICATION DATE | |
| Projected publication date | 1002 |
| 300 ## - PHYSICAL DESCRIPTION | |
| Extent | 257 p.24 cm. |
| 504 ## - BIBLIOGRAPHY, ETC. NOTE | |
| Bibliography, etc. note | Includes bibliographical references and indexes. |
| 505 ## - FORMATTED CONTENTS NOTE | |
| Formatted contents note | What is power? Why is power important? -- Chi-square and tests for proportions -- Independent samples and paired t-tests -- Correlations and differences between correlations -- Between subjects ANOVA (one factor, two or more factors) -- Within subjects designs -- Mixed model ANOVA and multivariate ANOVA -- Multiple regression -- Covariate analyses and regression interactions -- Precision analysis for confidence intervals -- Additional issues and resources. |
| 630 ## - SUBJECT ADDED ENTRY--UNIFORM TITLE | |
| Uniform title | SPSS (Computer file) |
| 650 ## - SUBJECT ADDED ENTRY--TOPICAL TERM | |
| Topical term or geographic name entry element | Social sciences |
| General subdivision | Statistical methods. |
| 650 ## - SUBJECT ADDED ENTRY--TOPICAL TERM | |
| Topical term or geographic name entry element | Statistical power analysis. |
| 963 ## - | |
| -- | Marsha Hecht; phone: 561-361-6000 x 6115; email: marsha.hecht@taylorandfrancis.com; bc: jamie.gorham@taylorandfrancis.com |
| 991 ## - | |
| -- | VIRTUA40 |
| 991 ## - | |
| -- | VTLSSORT0080*0200*0201*0820*1000*2450*2600*2630*3000*5040*5050*6300*6500*6501*9630*9992 |
| 909 ## - | |
| -- | 2973 |
| Withdrawn status | Lost status | Damaged status | Not for loan | Home library | Current library | Date acquired | Total checkouts | Full call number | Barcode | Copy number | Koha item type |
|---|---|---|---|---|---|---|---|---|---|---|---|
| Indian Institute Of Management, Shillong | Indian Institute Of Management, Shillong | 12/10/2010 | 300.285555 ABE [ Shelf 73 ] | 0009225 | Reference |